[Event "Championnat de France - Open C"]
[Site "NANCY"]
[Date "2013.08.21"]
[Round "9.2"]
[White "Zounani, Yacine"]
[Black "Girault, Simon"]
[Result "1/2-1/2"]
[WhiteElo "1750"]
[BlackElo "1797"]
[PlyCount "187"]
[EventDate "2013.??.??"]

1. d4 d5 2. c4 Nc6 3. cxd5 Qxd5 4. Nf3 e5 5. Nc3 Bb4 6. Bd2 Bxc3 7. Bxc3 e4 8.
Ne5 Nge7 9. e3 Nxe5 10. dxe5 Be6 11. Qa4+ Bd7 12. Qd4 Be6 13. Qxd5 Nxd5 14. Rc1
O-O 15. g3 c6 16. Bd4 Nb6 17. a3 Rfe8 18. Bg2 Bd5 19. Bh3 Nc4 20. e6 fxe6 21.
Bf1 Nd6 22. g4 Nf7 23. h4 Nh6 24. g5 Nf5 25. Be5 b5 26. h5 a5 27. h6 g6 28. Be2
Re7 29. Rg1 Rb7 30. Bd1 b4 31. Rg4 b3 32. Be2 Rd8 33. Bf1 Rbd7 34. Bf6 Rf8 35.
Bc3 Rdf7 36. Bg2 Nd6 37. Bg7 Ra8 38. Be5 Nc4 39. Bf6 Nd6 40. Be5 Nc4 41. Rxc4
Bxc4 42. Bxe4 Bd5 43. Bd3 c5 44. e4 Bc6 45. Bc4 Bd7 46. Bxb3 Ra7 47. f4 Rb7 48.
Rg3 Rb6 49. Kd2 Bc8 50. Rc3 Bd7 51. Rd3 a4 52. Bc4 Bb5 53. Rd8+ Rf8 54. Rxf8+
Kxf8 55. Bc7 Rb7 56. Bd6+ Kf7 57. Bxb5 Rxb5 58. Be5 Rb3 59. Bc3 Ke7 60. Kd3 Rb7
61. Kc4 Kd6 62. Bg7 Rf7 63. Bf6 Kc6 64. Be5 Rb7 65. Bg7 Rf7 66. Bf6 Kb6 67. Kd3
Kc6 68. Ke3 Kd6 69. Kf3 Kd7 70. Kg4 Ke8 71. f5 exf5+ 72. exf5 gxf5+ 73. Kxf5
Kf8 74. Ke4 Rc7 75. Kd3 Kf7 76. Kc4 Rc6 77. Kb5 Rc8 78. Kxa4 Rb8 79. Ka5 Kg6
80. a4 Rb7 81. Ka6 Rb3 82. a5 c4 83. Ka7 Kf5 84. a6 Kg6 85. Bd4 Kf5 86. Bb6
Rxb2 87. Kb7 Ra2 88. Be3 Kg6 89. Bc1 Ra1 90. Bd2 Ra2 91. a7 Rb2+ 92. Kc6 Ra2
93. Kb7 Rb2+ 94. Kc8 1/2-1/2

[Event "Championnat de France - Open C"]
[Site "NANCY"]
[Date "2013.08.21"]
[Round "9.3"]
[White "Benezra, Amos"]
[Black "Dagonia, Steve"]
[Result "0-1"]
[WhiteElo "1695"]
[BlackElo "1792"]
[PlyCount "162"]
[EventDate "2013.??.??"]

1. e4 d5 2. exd5 Qxd5 3. Nf3 Bg4 4. Be2 c6 5. d4 e6 6. c4 Bb4+ 7. Bd2 Bxd2+ 8.
Qxd2 Qd8 9. Nc3 Nf6 10. O-O O-O 11. h3 Bh5 12. Rfd1 Bg6 13. Ne5 Nbd7 14. Nxg6
hxg6 15. Bf3 Nb6 16. b3 Qc7 17. Rac1 Rfd8 18. Qg5 Nh7 19. Qh4 g5 20. Qe4 Nf6
21. Qe3 Qf4 22. Ne4 Nxe4 23. Bxe4 Rd7 24. Rd2 Rad8 25. Rcd1 Kf8 26. Bf3 Qxe3
27. fxe3 f5 28. Kf2 e5 29. Bh5 exd4 30. Rxd4 Ke7 31. a4 c5 32. Rxd7+ Rxd7 33.
Rxd7+ Nxd7 34. Bf3 b6 35. e4 f4 36. Ke2 a5 37. Kd3 Ne5+ 38. Ke2 Kf6 39. Kd2 Nc6
40. e5+ Nxe5 41. Ke2 Kf5 42. Bb7 Ng6 43. Kd3 Ke5 44. Be4 Ne7 45. Bb7 Nf5 46.
Bf3 Ne3 47. g4 Nf1 48. Bg2 Nh2 49. Bc6 f3 50. Ke3 Nf1+ 51. Kxf3 Nd2+ 52. Ke3
Nxb3 53. Bd7 Nd4 54. Bc8 Nc6 55. Bd7 Ne7 56. Be8 Nc8 57. Bf7 Nd6 58. Bd5 b5 59.
axb5 Nxb5 60. Bc6 Nd6 61. Kd3 Kf4 62. Kc3 Kg3 63. Kb3 Kxh3 64. Bd7 Kg3 65. Kc3
Nf7 66. Kb3 Ne5 67. Be6 Nxg4 68. Ka4 Ne3 69. Kxa5 Kh2 70. Kb5 g4 71. Bxg4 Nxg4
72. Kxc5 Ne3 73. Kd4 Nxc4 74. Ke4 Nd6+ 75. Kf4 Kh3 76. Kg5 Ne8 77. Kh5 Kg3 78.
Kg5 Kf3 79. Kf5 Ke3 80. Kg5 Ke4 81. Kg4 Ke5 0-1

[Event "Championnat de France - Open C"]
[Site "NANCY"]
[Date "2013.08.21"]
[Round "9.4"]
[White "Jacq, Philippe"]
[Black "Radoman, Emmanuel"]
[Result "0-1"]
[WhiteElo "1741"]
[BlackElo "1667"]
[PlyCount "80"]
[EventDate "2013.??.??"]

1. e4 c5 2. c3 d5 3. exd5 Qxd5 4. d4 cxd4 5. cxd4 Nc6 6. Nf3 e6 7. Be2 Bb4+ 8.
Bd2 Nf6 9. Bxb4 Nxb4 10. Nc3 Qd8 11. O-O O-O 12. a3 Nbd5 13. Rc1 Bd7 14. Ne5
Rc8 15. Qb3 Qb6 16. Qxb6 Nxb6 17. Bf3 Nc4 18. Bxb7 Rc7 19. Ne4 Rxb7 20. Nxf6+
gxf6 21. Nxd7 Rxd7 22. Rxc4 Rfd8 23. Rd1 e5 24. Kf1 exd4 25. Ke2 d3+ 26. Ke3 d2
27. Rc2 Re8+ 28. Kf4 Rd4+ 29. Kg3 Rd3+ 30. f3 Re2 31. a4 Rd5 32. h4 Rd4 33. b3
a5 34. Kh3 Kf8 35. Rb2 Ke7 36. Rc2 Ke6 37. Rc4 Kd5 38. Kg3 Rxc4 39. bxc4+ Kxc4
40. f4 Kd3 0-1

[Event "Championnat de France - Open C"]
[Site "NANCY"]
[Date "2013.08.21"]
[Round "9.5"]
[White "Dillenschneider, Ernesto"]
[Black "Buisson, Lionel"]
[Result "0-1"]
[WhiteElo "1734"]
[BlackElo "1594"]
[PlyCount "78"]
[EventDate "2013.??.??"]

1. d4 d5 2. Bf4 Bf5 3. e3 e6 4. c4 Nc6 5. Nc3 Nf6 6. Qb3 Nb4 7. Rc1 Bd3 8. Nb5
dxc4 9. Qa4 c6 10. Nc7+ Kd7 11. Nxa8 Qxa8 12. a3 b5 13. Qd1 Bxf1 14. Kxf1 Nd3
15. Rc2 Nd5 16. Nf3 Bd6 17. Bxd6 Kxd6 18. Ne5 Nxe5 19. dxe5+ Ke7 20. Qg4 Qf8
21. Rd2 f5 22. exf6+ Qxf6 23. Qd4 Qxd4 24. Rxd4 c5 25. Rg4 g6 26. Ke2 Rd8 27.
Rh4 Nf6 28. Rd1 Rxd1 29. Kxd1 h5 30. f4 Ne4 31. Kc2 a5 32. g4 hxg4 33. Rxg4 Kf6
34. Rg1 Nf2 35. Rg5 Nd3 36. b3 Ne1+ 37. Kd1 cxb3 38. Rxc5 b4 39. axb4 b2 0-1

[Event "Championnat de France - Open C"]
[Site "NANCY"]
[Date "2013.08.21"]
[Round "9.6"]
[White "Kajganic, Fabien"]
[Black "Doyen, Remi"]
[Result "1/2-1/2"]
[WhiteElo "1727"]
[BlackElo "1647"]
[PlyCount "93"]
[EventDate "2013.??.??"]

1. d4 Nf6 2. c4 g6 3. Nc3 Bg7 4. e4 d6 5. Bd3 O-O 6. Nge2 e5 7. d5 Nbd7 8. f3
c6 9. Be3 Re8 10. Qd2 cxd5 11. cxd5 Nc5 12. O-O Nfd7 13. b4 Nxd3 14. Qxd3 Nb6
15. Rac1 Bd7 16. Nb5 Bxb5 17. Qxb5 Re7 18. a4 Qd7 19. Nc3 Qxb5 20. Nxb5 Nxa4
21. Nxd6 Rd7 22. Nc4 b5 23. Na5 Bf8 24. Bc5 Rc8 25. Bxf8 Rxc1 26. Rxc1 Kxf8 27.
Rc8+ Ke7 28. Ra8 f5 29. Kf2 Kd6 30. Nc6 fxe4 31. fxe4 Nc3 32. Ke3 Nxd5+ 33.
exd5 Kxd5 34. Nxa7 Kc4 35. Ke4 Rd2 36. Rh8 h5 37. Rb8 Rxg2 38. Rxb5 Ra2 39. Ra5
Re2+ 40. Kf3 Rxh2 41. Rxe5 Kxb4 42. Rg5 Rh3+ 43. Kg2 Rh4 44. Rxg6 Rg4+ 45.
Rxg4+ hxg4 46. Kg3 Kc5 47. Kxg4 1/2-1/2

[Event "Championnat de France - Open C"]
[Site "NANCY"]
[Date "2013.08.21"]
[Round "9.7"]
[White "De Talance, Aliaume"]
[Black "Salvi, Michel"]
[Result "1-0"]
[WhiteElo "1716"]
[BlackElo "1583"]
[PlyCount "45"]
[EventDate "2013.??.??"]

1. e4 c5 2. Nf3 d6 3. Bb5+ Nd7 4. O-O a6 5. Bxd7+ Bxd7 6. h3 Nf6 7. Re1 e5 8.
d3 Be7 9. c3 Bc6 10. Nbd2 O-O 11. d4 exd4 12. cxd4 d5 13. e5 Ne4 14. dxc5 Nxf2
15. Kxf2 Bxc5+ 16. Kf1 Bb5+ 17. Re2 Qb6 18. Nb3 Be7 19. Nbd4 Bxe2+ 20. Qxe2
Rac8 21. Nf5 Qe6 22. N3d4 Qd7 23. Qg4 1-0

[Event "Championnat de France - Open C"]
[Site "NANCY"]
[Date "2013.08.21"]
[Round "9.8"]
[White "Carral, Didier"]
[Black "Citterio, Jean-Claude"]
[Result "1-0"]
[WhiteElo "1699"]
[BlackElo "1776"]
[PlyCount "75"]
[EventDate "2013.??.??"]

1. e4 e5 2. Nf3 Nc6 3. Bc4 Bc5 4. d3 d6 5. c3 Nf6 6. O-O O-O 7. Bb3 Bg4 8. Be3
Bb6 9. h3 Be6 10. Re1 Bxe3 11. fxe3 Qd7 12. Ba4 Qe7 13. c4 Bd7 14. Nc3 Nd8 15.
Bxd7 Qxd7 16. Rc1 Nc6 17. d4 Rae8 18. d5 Nd8 19. b4 g6 20. c5 Nh5 21. Nh4 Ng7
22. cxd6 cxd6 23. Qe2 Re7 24. Nb5 Ne8 25. Nxa7 f5 26. exf5 gxf5 27. Qb5 Nc7 28.
Qxd7 Rxd7 29. Red1 f4 30. e4 Nf7 31. b5 Ng5 32. b6 Na6 33. Re1 Nc5 34. Rc4 f3
35. gxf3 Nxf3+ 36. Nxf3 Rxf3 37. Kg2 Ra3 38. Re2 1-0

[Event "Championnat de France - Open C"]
[Site "NANCY"]
[Date "2013.08.21"]
[Round "9.9"]
[White "Smadja, Paul"]
[Black "De Muyser, Xavier"]
[Result "0-1"]
[WhiteElo "1610"]
[BlackElo "1749"]
[PlyCount "100"]
[EventDate "2013.??.??"]

1. e4 d6 2. d4 Nf6 3. Nc3 c6 4. f4 Qc7 5. Nf3 Bg4 6. e5 Nd5 7. Bc4 e6 8. O-O
Nd7 9. h3 Nxc3 10. bxc3 Bxf3 11. Qxf3 Nb6 12. Bd3 O-O-O 13. a4 a5 14. Bd2 d5
15. Rfb1 c5 16. dxc5 Bxc5+ 17. Be3 Nc4 18. Bxc5 Qxc5+ 19. Kh1 Nd2 20. Rb5 Qxb5
21. axb5 Nxf3 22. gxf3 b6 23. f5 Kd7 24. Rg1 g6 25. fxe6+ Kxe6 26. c4 Kxe5 27.
cxd5 Kxd5 28. Rg5+ f5 29. Rg1 Rhe8 30. Ra1 Re3 31. Kg2 Ke5 32. Kf2 f4 33. Ra4
Rd4 34. Ra3 Rb4 35. Rc3 Rxb5 36. Rc7 Rxd3 37. cxd3 Rb2+ 38. Ke1 Kd4 39. Rxh7
Kxd3 40. Rh6 Ke3 41. Kd1 Rg2 42. Rh7 Kxf3 43. h4 Ke3 44. Rb7 Rb2 45. Rg7 f3 46.
Rxg6 f2 47. Re6+ Kf3 48. Rf6+ Kg4 49. Kc1 Re2 50. Kd1 Re1+ 0-1

[Event "Championnat de France - Open C"]
[Site "NANCY"]
[Date "2013.08.21"]
[Round "9.10"]
[White "Guillaume, Marvin"]
[Black "Afraoui, Anaelle"]
[Result "1-0"]
[WhiteElo "1748"]
[BlackElo "1715"]
[PlyCount "99"]
[EventDate "2013.??.??"]

1. e4 c5 2. Nf3 Nc6 3. Bb5 Na5 4. O-O a6 5. Be2 e6 6. d4 cxd4 7. Nxd4 Qc7 8.
Nc3 Nf6 9. Kh1 b5 10. f3 Be7 11. Be3 O-O 12. g4 Bb7 13. Bd3 Nc4 14. Bc1 b4 15.
Na4 d5 16. exd5 Bxd5 17. g5 Ng4 18. Qe2 Bd6 19. Qg2 Nge3 20. Qh3 g6 21. Bxc4
Nxc4 22. b3 Ne5 23. Bb2 Nd7 24. c4 bxc3 25. Nxc3 Bb7 26. Rfd1 Ne5 27. Ne4 Bxe4
28. fxe4 Qb7 29. Nxe6 Qxe4+ 30. Qg2 Qxg2+ 31. Kxg2 fxe6 32. Rxd6 Nf7 33. Rd7
Rac8 34. Rc1 Rfd8 35. Rxd8+ Rxd8 36. Bf6 Rd2+ 37. Kg3 h6 38. Rc8+ Kh7 39. Rc7
Kg8 40. h4 Nd6 41. Rg7+ Kf8 42. Rxg6 Nf5+ 43. Kg4 Rg2+ 44. Kh3 Rg3+ 45. Kh2
hxg5 46. Bxg5 Rc3 47. Rxe6 Rc2+ 48. Kh3 Rc3+ 49. Kg4 Nd4 50. Rxa6 1-0

[Event "Championnat de France - Open C"]
[Site "NANCY"]
[Date "2013.08.22"]
[Round "10.1"]
[White "Mangold, Noe"]
[Black "Radoman, Emmanuel"]
[Result "1/2-1/2"]
[WhiteElo "1781"]
[BlackElo "1667"]
[PlyCount "120"]
[EventDate "2013.??.??"]

1. d4 Nf6 2. c4 g6 3. Nc3 d5 4. cxd5 Nxd5 5. e4 Nxc3 6. bxc3 Bg7 7. Qa4+ Nd7 8.
Nf3 c5 9. Be3 O-O 10. Qa3 cxd4 11. cxd4 Nf6 12. Bd3 Ng4 13. O-O Nxe3 14. fxe3
Bg4 15. Rac1 a6 16. h3 Bd7 17. Nd2 Bb5 18. Kh1 Bxd3 19. Qxd3 Rc8 20. Nb3 a5 21.
Qb5 Rxc1 22. Rxc1 b6 23. Rc6 Bh6 24. Qe2 Qb8 25. d5 Qe5 26. Qd3 Qg3 27. Nd2
Qe1+ 28. Nf1 Rb8 29. Kh2 Qa1 30. Rc2 Qe5+ 31. g3 b5 32. h4 b4 33. Nd2 Qf6 34.
Kg2 a4 35. Nf3 b3 36. axb3 axb3 37. Rc3 Qxc3 38. Qxc3 b2 39. Nd2 b1=Q 40. Nxb1
Rxb1 41. e5 Rd1 42. Qa5 Bxe3 43. Qd8+ Kg7 44. e6 Bc5 45. exf7 Kxf7 46. Qd7 Bd6
47. Qe6+ Kg7 48. g4 Rd3 49. Kf2 Bc5+ 50. Kg2 Bd6 51. h5 Rg3+ 52. Kf2 gxh5 53.
gxh5 h6 54. Qc8 Rg5 55. Qe8 Rg3 56. Ke2 Bc5 57. Kd2 Bd6 58. Kc2 Bc5 59. Kd2 Bd6
60. Ke1 Bc5 1/2-1/2

[Event "Championnat de France - Open C"]
[Site "NANCY"]
[Date "2013.08.22"]
[Round "10.2"]
[White "Girault, Simon"]
[Black "Buisson, Lionel"]
[Result "0-1"]
[WhiteElo "1797"]
[BlackElo "1594"]
[Annotator "Rivier,Sylvain"]
[PlyCount "47"]
[EventDate "2013.??.??"]

1. e4 e5 2. Bc4 Bc5 3. Nc3 Nf6 4. d3 Nc6 5. f4 d6 6. f5 h6 7. Nf3 Ng4 8. Rf1
Nxh2 9. Nxh2 Qh4+ 10. Kd2 Qg5+ 11. Ke2 Qxg2+ 12. Ke1 Qg3+ 13. Ke2 Qxh2+ 14. Ke1
Qg3+ 15. Ke2 Nd4+ 16. Kd2 Qg2+ 17. Ne2 Nf3+ 18. Kc3 Nd4 19. Nxd4 Bxd4+ 20. Kb3
Bd7 21. a4 c6 22. Qf3 Qxf3 23. Rxf3 a6 24. a5 {suite illisible} 0-1

[Event "Championnat de France - Open C"]
[Site "NANCY"]
[Date "2013.08.22"]
[Round "10.3"]
[White "Dagonia, Steve"]
[Black "Zounani, Yacine"]
[Result "0-1"]
[WhiteElo "1792"]
[BlackElo "1750"]
[Annotator "Rivier,Sylvain"]
[PlyCount "57"]
[EventDate "2013.??.??"]

1. e3 d5 2. Nf3 c5 3. d4 e6 4. Be2 Nf6 5. O-O Be7 6. c4 Nc6 7. Nc3 O-O 8. b3
Ne4 9. Nxe4 dxe4 10. Ne5 Qc7 11. Nxc6 bxc6 12. Bb2 f5 13. dxc5 Bxc5 14. Qc2 Bb7
15. Rad1 Rad8 16. g3 e5 17. Qc3 f4 18. Rxd8 Rxd8 19. Qxe5 Qxe5 20. Bxe5 fxe3
21. fxe3 Bxe3+ 22. Kh1 Re8 23. c5 Bc8 24. Bd6 Re6 25. Kg2 Bd4 26. Rf4 g5 27.
Rf1 g4 28. Rf4 h5 29. Kf1 {suite illisible} 0-1

[Event "Championnat de France - Open C"]
[Site "NANCY"]
[Date "2013.08.22"]
[Round "10.4"]
[White "De Talance, Aliaume"]
[Black "Bellahcene, Omar"]
[Result "1-0"]
[WhiteElo "1716"]
[BlackElo "1789"]
[Annotator "Rivier,Sylvain"]
[PlyCount "111"]
[EventDate "2013.??.??"]

1. e4 c5 2. Nf3 Nc6 3. Bb5 g6 4. O-O Bg7 5. Re1 Nf6 6. e5 Ng4 7. Bxc6 dxc6 8.
h3 Nh6 9. Nc3 Nf5 10. d3 Nd4 11. Bf4 O-O 12. Ne4 b6 13. c3 Ne6 14. Bg3 Ba6 15.
d4 cxd4 16. cxd4 Bb7 17. b4 Bh6 18. Qb3 Rc8 19. Rad1 Qd5 20. Qa4 a6 21. Bh4 g5
22. Nexg5 Bxg5 23. Nxg5 Nxg5 24. Bxg5 f6 25. Bh6 Rf7 26. e6 Rg7 27. Bxg7 Kxg7
28. Qb3 Qf5 29. Qd3 Qd5 30. Re4 Kh8 31. Rh4 f5 32. Rf4 Rg8 33. f3 Qxa2 34. Rd2
Qxe6 35. Qxf5 Qe1+ 36. Kh2 Bc8 37. Qe5+ Qxe5 38. dxe5 Be6 39. Rfd4 Bd5 40. Rg4
Rf8 41. Kg3 Rf5 42. Re2 h5 43. Rf4 Rg5+ 44. Kh4 Rg6 45. Kxh5 Kh7 46. Kh4 a5 47.
bxa5 bxa5 48. g4 c5 49. Kg3 Rg5 50. Rd2 Be6 51. Rb2 Rg7 52. Ra4 c4 53. Rb1 c3
54. Rc1 Bb3 55. Ra3 a4 56. Rxc3 {suite illisible} 1-0

[Event "Championnat de France - Open C"]
[Site "NANCY"]
[Date "2013.08.22"]
[Round "10.5"]
[White "De Muyser, Xavier"]
[Black "Willems, Niels"]
[Result "1/2-1/2"]
[WhiteElo "1749"]
[BlackElo "1725"]
[Annotator "Rivier,Sylvain"]
[PlyCount "100"]
[EventDate "2013.??.??"]

1. Nf3 Nf6 2. c4 g6 3. Nc3 Bg7 4. e4 b6 5. Be2 c5 6. d4 cxd4 7. Nxd4 O-O 8. O-O
Nc6 9. Be3 Bb7 10. h3 Rc8 11. Qd2 Na5 12. b3 a6 13. Rac1 Qc7 14. Bh6 Qc5 15.
Bxg7 Kxg7 16. Bf3 Nc6 17. Nxc6 Bxc6 18. Nd5 Bxd5 19. exd5 b5 20. Rfe1 Qa7 21.
Qe2 bxc4 22. Rxc4 Rxc4 23. Qxc4 Rb8 24. b4 Qb7 25. Qd4 Qxb4 26. Qxb4 Rxb4 27.
Rxe7 Rb1+ 28. Kh2 Rb2 29. Re2 Rxe2 30. Bxe2 Nxd5 31. Bxa6 Kf6 32. Kg3 Ke5 33.
Bc4 Nc7 34. Kf3 d5 35. Be2 Kd4 36. a4 Kc3 37. a5 d4 38. Ke4 f5+ 39. Ke5 d3 40.
Bf3 Nb5 41. a6 Kc2 42. Bc6 Na7 43. Ba4+ Kc1 44. Kf6 d2 45. Kg7 Nb5 46. Kxh7 Nc3
47. a7 Nxa4 48. a8=Q d1=Q 49. Qc6+ Kb1 50. Kxg6 Nc3 {suite illisible} 1/2-1/2

[Event "Championnat de France - Open C"]
[Site "NANCY"]
[Date "2013.08.22"]
[Round "10.6"]
[White "Doyen, Remi"]
[Black "Guillaume, Marvin"]
[Result "1-0"]
[WhiteElo "1647"]
[BlackElo "1748"]
[PlyCount "77"]
[EventDate "2013.??.??"]

1. e4 e5 2. Nf3 Nc6 3. Bb5 a6 4. Ba4 Nf6 5. O-O b5 6. Bb3 Be7 7. Re1 O-O 8. h3
Bb7 9. c3 d6 10. d4 h6 11. Nbd2 Re8 12. Nf1 Bf8 13. Ng3 g6 14. Nh2 Bg7 15. d5
Na5 16. Bc2 c6 17. Ng4 Nxg4 18. hxg4 cxd5 19. exd5 Nc4 20. Ne4 Nb6 21. g5 hxg5
22. Nxg5 Bxd5 23. Qg4 Nd7 24. Rd1 Nf6 25. Qh4 Bb7 26. Rd3 e4 27. Rh3 Bc8 28.
Rh1 d5 29. Nh7 Nh5 30. Ng5 Qd7 31. Bd1 Nf6 32. Be3 Qf5 33. Nh7 Ng4 34. Bxg4
Qxg4 35. Nf6+ Bxf6 36. Qxf6 Qh5 37. Rxh5 gxh5 38. Bh6 Be6 39. Qg7# 1-0

[Event "Championnat de France - Open C"]
[Site "NANCY"]
[Date "2013.08.22"]
[Round "10.7"]
[White "Quelennec, Amelie"]
[Black "Lafortune, Emerick"]
[Result "1/2-1/2"]
[WhiteElo "1700"]
[BlackElo "1728"]
[PlyCount "104"]
[EventDate "2013.??.??"]

1. b3 e5 2. Bb2 Nc6 3. e3 Nf6 4. c4 d6 5. Nf3 g6 6. d4 Qe7 7. d5 Nb8 8. Be2 Bg7
9. O-O O-O 10. Nc3 Nbd7 11. Qc2 Ne8 12. Rad1 f5 13. e4 f4 14. b4 g5 15. g4 h5
16. h3 Ndf6 17. Nh2 hxg4 18. hxg4 Rf7 19. f3 Bf8 20. Bd3 Rh7 21. Ba3 Qg7 22. c5
Qh6 23. Qg2 Qh4 24. Rf2 a5 25. bxa5 dxc5 26. a6 b6 27. a7 Rxa7 28. Nb5 Rxa3 29.
Nxa3 c4 30. Nxc4 Bc5 31. Rdd2 Qg3 32. Kf1 Bxf2 33. Rxf2 Nd7 34. Ke2 Nd6 35. Nf1
Qxg2 36. Rxg2 Kf7 37. Kd2 Kf8 38. Rh2 Rxh2+ 39. Nxh2 Nxc4+ 40. Bxc4 Nc5 41. Nf1
Ba6 42. Bxa6 Nxa6 43. Kd3 b5 44. Nd2 Ke7 45. Nb3 Kd6 46. Na5 Kd7 47. Nc6 Kd6
48. Nd8 Ke7 49. Ne6 Kf6 50. a3 c6 51. Nf8 cxd5 52. exd5 Nc5+ 1/2-1/2

[Event "Championnat de France - Open C"]
[Site "NANCY"]
[Date "2013.08.22"]
[Round "10.8"]
[White "Gardet, Thomas"]
[Black "Kajganic, Fabien"]
[Result "1/2-1/2"]
[WhiteElo "1578"]
[BlackElo "1727"]
[Annotator "Rivier,Sylvain"]
[PlyCount "28"]
[EventDate "2013.??.??"]

1. e4 e6 2. d4 d5 3. Nc3 dxe4 4. Nxe4 Nd7 5. Bd3 Ngf6 6. Ng5 h6 7. N5f3 e5 8.
c3 exd4 9. cxd4 Be7 10. Ne2 O-O 11. O-O b6 12. Nf4 Bb7 13. Re1 Nd5 14. Qe2 N7f6
{suite illisible} 1/2-1/2

[Event "Championnat de France - Open C"]
[Site "NANCY"]
[Date "2013.08.22"]
[Round "10.9"]
[White "Jacq, Philippe"]
[Black "Carral, Didier"]
[Result "0-1"]
[WhiteElo "1741"]
[BlackElo "1699"]
[PlyCount "108"]
[EventDate "2013.??.??"]

1. d4 Nf6 2. c4 g6 3. Nc3 d5 4. Nf3 Bg7 5. Bg5 c6 6. e3 O-O 7. Qb3 e6 8. h4 h6
9. Bxf6 Bxf6 10. h5 g5 11. O-O-O Qb6 12. Qc2 Na6 13. a3 Bd7 14. c5 Qd8 15. g4
Nc7 16. Ne5 Be8 17. f4 Kg7 18. f5 Qe7 19. e4 Bxe5 20. dxe5 exf5 21. exd5 Qxe5
22. d6 Nd5 23. Nxd5 cxd5 24. gxf5 Bd7 25. Bd3 f6 26. Rhe1 Qf4+ 27. Qd2 Qxd2+
28. Kxd2 Rfe8 29. Kc3 Re5 30. Kd4 Rae8 31. Rxe5 Rxe5 32. b4 a6 33. Rc1 Kf7 34.
Rc2 Ke8 35. Rb2 Kd8 36. Bc2 g4 37. Rb3 Bxf5 38. Bxf5 Rxf5 39. Rg3 Rg5 40. a4
Kd7 41. b5 axb5 42. axb5 b6 43. Rg1 bxc5+ 44. Kxc5 d4+ 45. Kb6 d3 46. Ka6 Rd5
47. b6 Rxd6 48. Ka7 d2 49. Rd1 Kc6 50. b7 Rd7 51. Ka8 Rxb7 52. Rxd2 Rg7 53. Rf2
Rf7 54. Rf5 Kb6 0-1

[Event "Championnat de France - Open C"]
[Site "NANCY"]
[Date "2013.08.22"]
[Round "10.10"]
[White "Blanc, Pablo"]
[Black "Dillenschneider, Ernesto"]
[Result "0-1"]
[WhiteElo "1691"]
[BlackElo "1734"]
[PlyCount "58"]
[EventDate "2013.??.??"]

1. e4 c5 2. Nc3 Nc6 3. Bb5 Nd4 4. Bc4 e6 5. d3 Ne7 6. Nf3 Nec6 7. Nxd4 cxd4 8.
Ne2 Bc5 9. f4 b5 10. Bb3 Na5 11. O-O Nxb3 12. axb3 O-O 13. Qe1 f5 14. Ng3 d5
15. Kh1 dxe4 16. dxe4 Qc7 17. Qe2 a6 18. Rd1 Kh8 19. Qd3 Bb6 20. Ne2 fxe4 21.
Qxe4 Bb7 22. Qxe6 Rae8 23. Qg4 Qxc2 24. Bd2 Qxb3 25. Ng3 Qd5 26. Nh5 g6 27. Bc3
Qxh5 28. Bxd4+ Bxd4 29. Qd7 Bxg2+ 0-1

[Event "Championnat de France - Open C"]
[Site "NANCY"]
[Date "2013.08.23"]
[Round "11.1"]
[White "Mangold, Noe"]
[Black "Doyen, Remi"]
[Result "0-1"]
[WhiteElo "1781"]
[BlackElo "1647"]
[PlyCount "72"]
[EventDate "2013.??.??"]

1. d4 g6 2. c4 Bg7 3. Nc3 d6 4. e4 Nc6 5. Be3 e5 6. d5 Nce7 7. Qc2 Nf6 8. h3
O-O 9. O-O-O c6 10. Kb1 Qc7 11. g4 Bd7 12. Nge2 Rfc8 13. Ng3 Rab8 14. Rc1 a6
15. g5 Ne8 16. h4 b5 17. f3 Qa5 18. Qd2 c5 19. Nd1 Qb6 20. h5 bxc4 21. Bxc4 Ba4
22. hxg6 hxg6 23. Nc3 Bb5 24. Bb3 Rc7 25. Rh4 a5 26. Qh2 a4 27. Rh1 Kf8 28. Bd1
a3 29. b3 Qa5 30. Nxb5 Qxb5 31. Be2 Qb4 32. Rh8+ Bxh8 33. Qxh8+ Ng8 34. Nf5 Qc3
35. Bc1 Rxb3+ 36. axb3 a2+ 0-1

[Event "Championnat de France - Open C"]
[Site "NANCY"]
[Date "2013.08.23"]
[Round "11.2"]
[White "Zounani, Yacine"]
[Black "De Talance, Aliaume"]
[Result "1-0"]
[WhiteElo "1750"]
[BlackElo "1716"]
[PlyCount "71"]
[EventDate "2013.??.??"]

1. d4 d6 2. Nf3 Nf6 3. c4 g6 4. Nc3 Bg7 5. e4 O-O 6. Be2 c5 7. d5 e6 8. dxe6
Bxe6 9. Bf4 Qa5 10. O-O Rd8 11. Qc2 Nh5 12. Bd2 Qb6 13. a3 Nc6 14. Rab1 Bg4 15.
Nd5 Qa6 16. Nc7 Qb6 17. Nxa8 Rxa8 18. Be3 a5 19. h3 Bxf3 20. Bxf3 Nf6 21. g3
Nd7 22. Bg2 Nd4 23. Bxd4 Bxd4 24. Kh1 a4 25. Rfd1 Qa6 26. b4 axb3 27. Qxb3 Qxa3
28. Qxb7 Ne5 29. f4 Nxc4 30. e5 Ra7 31. Qc8+ Kg7 32. Rb8 dxe5 33. Qf8+ Kf6 34.
fxe5+ Bxe5 35. Rf1+ Ke6 36. Re8+ 1-0

[Event "Championnat de France - Open C"]
[Site "NANCY"]
[Date "2013.08.23"]
[Round "11.3"]
[White "Buisson, Lionel"]
[Black "Carral, Didier"]
[Result "1-0"]
[WhiteElo "1594"]
[BlackElo "1699"]
[PlyCount "67"]
[EventDate "2013.??.??"]

1. e4 Nf6 2. Nc3 e5 3. Nf3 Nc6 4. Bc4 Bc5 5. d3 h6 6. O-O d6 7. h3 a6 8. Be3
Ba7 9. d4 O-O 10. Qd2 exd4 11. Nxd4 Ne5 12. Be2 Re8 13. Nb3 Bxe3 14. Qxe3 Bd7
15. Rad1 Qe7 16. Rfe1 Nc6 17. Bd3 Nb4 18. a3 Nxd3 19. cxd3 c5 20. d4 Be6 21. d5
Bd7 22. e5 c4 23. Na5 dxe5 24. Nxc4 b5 25. Nb6 Ra7 26. d6 Qe6 27. Nbd5 Nxd5 28.
Nxd5 Rb7 29. Nc7 Rxc7 30. dxc7 Rc8 31. Qxe5 Qxe5 32. Rxe5 Rxc7 33. Re7 Bg4 34.
Rd8+ 1-0

[Event "Championnat de France - Open C"]
[Site "NANCY"]
[Date "2013.08.23"]
[Round "11.4"]
[White "Radoman, Emmanuel"]
[Black "Girault, Simon"]
[Result "1/2-1/2"]
[WhiteElo "1667"]
[BlackElo "1797"]
[PlyCount "83"]
[EventDate "2013.??.??"]

1. e4 c6 2. d4 d5 3. Nc3 dxe4 4. Nxe4 Bf5 5. Ng3 Bg6 6. h4 h6 7. Nf3 Nd7 8. h5
Bh7 9. Bd3 Bxd3 10. Qxd3 Ngf6 11. Bf4 Qa5+ 12. Bd2 Qc7 13. O-O-O e6 14. Ne4
Nxe4 15. Qxe4 Be7 16. Kb1 Bf6 17. Bf4 Qb6 18. Ne5 Nxe5 19. dxe5 Be7 20. Be3 Qc7
21. Rd3 a5 22. Rhd1 Rd8 23. Rxd8+ Bxd8 24. Bc5 Be7 25. Bd6 Qd8 26. f4 O-O 27.
g3 Qd7 28. Qd3 Bxd6 29. Qxd6 Qc8 30. Qd7 Qa8 31. c3 Qa6 32. Qd3 b5 33. g4 Qb6
34. g5 b4 35. c4 Qf2 36. gxh6 gxh6 37. Rf1 Qh2 38. Qf3 Kh8 39. Rh1 Qd2 40. Rd1
Qh2 41. Rh1 Qd2 42. Rd1 1/2-1/2

[Event "Championnat de France - Open C"]
[Site "NANCY"]
[Date "2013.08.23"]
[Round "11.5"]
[White "Willems, Niels"]
[Black "Dagonia, Steve"]
[Result "1-0"]
[WhiteElo "1725"]
[BlackElo "1792"]
[PlyCount "115"]
[EventDate "2013.??.??"]

1. c4 c5 2. g3 g6 3. Bg2 Bg7 4. Nc3 Nf6 5. Nf3 O-O 6. O-O d6 7. Rb1 Nc6 8. a3
Rb8 9. b4 b6 10. Qa4 a6 11. Ne1 Ne5 12. d3 Qd7 13. bxc5 dxc5 14. Bf4 Qxa4 15.
Nxa4 Nfd7 16. e3 h6 17. d4 Nxc4 18. Bxb8 Nd2 19. Nc2 Nxf1 20. Kxf1 Nxb8 21.
Nxb6 cxd4 22. Nxc8 Rxc8 23. Nxd4 e5 24. Nb3 Bf8 25. a4 Bb4 26. Nc1 Bd6 27. Nd3
Kf8 28. Bb7 Rc7 29. Bxa6 Nxa6 30. Rb6 e4 31. Rxa6 exd3 32. Rxd6 Rc1+ 33. Kg2
Ra1 34. Rxd3 Rxa4 35. Rd8+ Kg7 36. h4 h5 37. Rd7 Kf6 38. Rd5 Ke6 39. Rg5 Kf6
40. f4 Ra2+ 41. Kf3 Ra3 42. Re5 Ra1 43. g4 hxg4+ 44. Kxg4 Rg1+ 45. Kf3 Rh1 46.
Kg3 Rg1+ 47. Kh2 Rg4 48. Kh3 Rg1 49. h5 gxh5 50. Rxh5 Rh1+ 51. Kg4 Rxh5 52.
Kxh5 Kf5 53. Kh6 Ke4 54. Kg7 Kxe3 55. f5 Ke4 56. f6 Ke5 57. Kxf7 Kd6 58. Ke8
1-0